000 00179 a2200097 4500
020 _a9789875660281
041 _aspa
100 _aMICHAEL CRICHTON
245 _aPRESA
942 _cBK
999 _c5662
_d5662